Central Library OPAC University of Rajshahi

Practical physical chemistry / (Record no. 9555)

MARC details
000 -LEADER
fixed length control field 00672nam a2200229 a 4500
001 - CONTROL NUMBER
control field 9555
003 - CONTROL NUMBER IDENTIFIER
rucl marc code BD-RjUL
005 - DATE AND TIME OF LATEST TRANSACTION
control field 20211208234810.0
008 - FIXED-LENGTH DATA ELEMENTS--GENERAL INFORMATION
fixed length control field 161004s20092005ii ||||| |||| 00| 0 eng d
020 ## - INTERNATIONAL STANDARD BOOK NUMBER
International Standard Book Number 9788130900612
035 ## - SYSTEM CONTROL NUMBER
System control number (BD-RjUL) 9600
040 ## - CATALOGING SOURCE
Original cataloging agency BD-RjUL
Language of cataloging eng
Transcribing agency BD-RjUL
Modifying agency BD-RjUL
041 ## - LANGUAGE CODE
Language code of text/sound track or separate title eng
082 04 - DEWEY DECIMAL CLASSIFICATION NUMBER
Classification number 541
Author mark and year VIP 2009
Edition number 23
100 1# - MAIN ENTRY--PERSONAL NAME
Personal name Viswanathan, B
9 (RLIN) 29606
245 10 - TITLE STATEMENT
Title Practical physical chemistry /
Statement of responsibility, etc. B. Viswanathan and P. S. Raghavan
260 ## - PUBLICATION, DISTRIBUTION, ETC. (IMPRINT)
Place of publication, distribution, etc. New Delhi :
Name of publisher, distributor, etc. Viva Books,
Date of publication, distribution, etc. 2005 [reprinted 2009]
300 #2 - PHYSICAL DESCRIPTION
Pagination xii, 356 p. :
Illustrations ill. ;
Size 23 cm.
650 #0 - SUBJECT ADDED ENTRY--TOPICAL TERM
Topical term or geographic name as entry element Physical chemistry
9 (RLIN) 29607
700 ## - ADDED ENTRY--PERSONAL NAME
Personal name Raghavan, P. S.
942 ## - ADDED ENTRY ELEMENTS (KOHA)
Source of classification or shelving scheme Dewey Decimal Classification
Koha item type Books
Holdings
Lost status Source of classification or shelving scheme Damaged status Not for loan Collection code Permanent Location Current Location Shelving location Date acquired Source of acquisition Cost, normal purchase price Total Checkouts Full call number Date last seen Copy number Koha item type
  Dewey Decimal Classification     Non-fiction Central Library, University of Rajshahi Central Library, University of Rajshahi   12/10/2010 Parahon Enter Prise Ltd., Dhaka. 295.00   541 VIP 2005 21/01/2014 C-3 Books
  Dewey Decimal Classification     Non-fiction Central Library, University of Rajshahi Central Library, University of Rajshahi   12/10/2010 Paragon Enterprise Ltd.Dhaka. 295.00   541 VIP 2009 21/01/2014 C-2 Books
  Dewey Decimal Classification     Non-fiction Central Library, University of Rajshahi Central Library, University of Rajshahi   06/08/2006 Paragon Enter Ltd. Dhaka 295.00   541 VIP 2005 04/10/2016 C-4 Books
  Dewey Decimal Classification   Not For Loan Non-fiction Central Library, University of Rajshahi Central Library, University of Rajshahi Reading Room 06/08/2006 Paragon Enterprise ltd. 295.00   541 VIP 2009 16/04/2017 C-1 Books
  Dewey Decimal Classification     Non-fiction Central Library, University of Rajshahi Central Library, University of Rajshahi   12/10/2010 Dhaka, Paragon Enterprises Ltd 295.00   541 VIP 2009 13/05/2017 C-5 Books
  Dewey Decimal Classification     Non-fiction Central Library, University of Rajshahi Central Library, University of Rajshahi   12/10/2010 Dhaka, Paragon Enterprises Ltd 295.00   541 VIP 2009 13/05/2017 C-6 Books